000 01824nam a2200433 c 4500
003 BLK
005 20240623004011.0
008 180409b bul|||||r ||||||| ||bul||
010 _aKNG00106493000
020 _a954-491-137-5
_bиздат.: Жанет 45
040 _aBLK
041 _aBUL
_cBUL
080 _aБългарска литература
_b821.163.2
_x-4
_z821.163.2-4
080 _aБългарска литература
_b821.163.2
_x-92
_z821.163.2-92
080 _aБългарска литература
_b821.163.2
_x(092)
_z821.163.2(092)
080 _a
_b929 Цанев, Стефан Неделчев
_x
_z929 Цанев, Стефан Неделчев
100 1 _aЦанев, Стефан Неделчев
_d1936-
_gПисател, поет, драматург.
_9364639
139 _aЦанев, Стефан Неделчев
_bЦ 16
245 1 0 _aДяволите в ада ще ми ръкопляскат
_bПубл. дневник 1978 - 2002
_cСтефан Неделчев Цанев.
257 _aBGR
260 Пловдив
_bЖанет 45
_c2003
300 _a491 с.
_c17 см
380 _aX
500 _aОфс. изд. - 2 500 тир.
600 1 4 _aЦанев, Стефан Неделчев
_d1936-
_gПисател, поет, драматург.
_9364639
650 0 _aПисатели, български - биографии
_9243085
650 4 _aЦанев, Стефан Неделчев
_9364639
653 _aесета
653 _aинтервюта
653 _aстихотворения
653 _aСтефан Цанев
653 _aбългарски писатели
852 _aЦб І 30869
856 4 _qpdf
_u
856 4 _qpdf
_u
942 _cKNG
_n0
_03
944 _aCR
_c01.01.2003
_k
_lCRON CRON
944 _aED
_c14.04.2005
_k
999 _c101444
_d101444